Sport Psychology : (Record no. 588777)

MARC details
000 -LEADER
fixed length control field 00448nam a2200193 a 4500
008 - FIXED-LENGTH DATA ELEMENTS--GENERAL INFORMATION
fixed length control field 250922s2008##################000#0#eng##
020 ## - INTERNATIONAL STANDARD BOOK NUMBER
ISBN 9780805862669
082 04 - DEWEY DECIMAL CLASSIFICATION NUMBER
Classification number 796.01
Item number LEU
100 1# - MAIN ENTRY--AUTHOR NAME
Personal name LeUnes, Arnold D.,
245 10 - TITLE STATEMENT
Title Sport Psychology :
260 ## - PUBLICATION, DISTRIBUTION, ETC. (IMPRINT)
Year of publication 2008.
300 ## - PHYSICAL DESCRIPTION
Number of Pages 696 pages
650 #0 - SUBJECT ADDED ENTRY--TOPICAL TERM
Topical Term Psychology.
942 ## - ADDED ENTRY ELEMENTS (KOHA)
Koha item type English Books
Holdings
Withdrawn status Lost status Damaged status Not for loan Home library Current library Shelving location Date acquired Full call number Accession Number Price effective from Koha item type
        Anna Centenary Library Anna Centenary Library 6TH FLOOR, B WING 22.09.2025 796.01 LEU 151551 22.09.2025 English Books

Find us on the map